| 000 | 00740nam a2200217Ia 4500 | ||
|---|---|---|---|
| 001 | 15977 | ||
| 003 | GE_BSU | ||
| 008 | 181216s||||||||xx |||||||||||||| ||und|| | ||
| 040 | _cGE_BSU | ||
| 080 | _a821.353.1-31 | ||
| 100 | _aჯაფარიძე, რევაზ | ||
| 245 | _aმძიმე ჯვარი. რომანი 4 წიგნადწ. 1-2 | ||
| 245 | _cრედ.თ.აბულაძე.ბოლოსიტყვ. ავტ. გ. ნატროშვილი | ||
| 260 | _aთბილისი | ||
| 260 | _bსაბჭ. საქართველო | ||
| 260 | _c1979 | ||
| 300 | _a829 გვ.21სმ | ||
| 653 | _aმძიმე ჯვარი. | ||
| 653 | _aრომანი | ||
| 942 | _cBK | ||
| 999 |
_c49071 _d49071 |
||